PIDM corporate plan 2011-2013.
| Corporate Author: | |
|---|---|
| Format: | Book |
| Published: |
Kuala Lumpur:
PIDM,
2011.
|
| Subjects: |
| LEADER | 00491cam a2200157 7i4500 | ||
|---|---|---|---|
| 001 | 0000026384 | ||
| 005 | 20110615090000.0 | ||
| 090 | 0 | 0 | |a M 658.4012 |b PER |
| 110 | 2 | 0 | |a Perbadanan Insuran Deposit Malaysia (PIDM) |
| 245 | 2 | 0 | |a PIDM corporate plan 2011-2013. |
| 260 | 0 | 0 | |a Kuala Lumpur: |b PIDM, |c 2011. |
| 300 | # | # | |a [v.p]. |
| 650 | 0 | 0 | |a Aims and objectives |
| 650 | 0 | 0 | |a Perbadanan Insurans Deposit Malaysia -- |x Management |
| 651 | 0 | 0 | |a Malaysia |
| 999 | |a 0000028524 |b Book |c Malaysia |e Business Information Centre | ||